000 00660nam a2200169 a 4500
008 120416s1991 ||||||||||||||||| || u
020 _a0852552130
050 _aGN 654 Rea
100 _aMcGaffey, Janet
245 1 4 _aThe real economy of Zaire: the contribution of smuggling and other unofficial activities to national wealth
260 _aLondon
_bJames Currey
_c1991
300 _axvi, 175p. : ill.
350 _a0.00
650 0 _aECONOMICS
650 _aECONOMICS--DEMOCRATIC REPUBLIC OF CONGO
995 _D0.00
_FCBU-MAIN LIBRARY (Kitwe)
_H1
_I30.00
_M1
_UAVAILABLE
_ZMain Library Open Access Collection
999 _c55690
_d55690